Čo treba vedieť o finančnom trhu v Číne
Jednotlivé aspekty finančného trhu v Číne. Trhová kapitalizácia a rozdelenie príjmov investičných bánk. Obchody s cennými papiermi a medzinárodné aktivity bankovníctva v Číne.
Enregistré dans:
| Auteur principal: | |
|---|---|
| Format: | Chapitre de livre |
| Langue: | slovaque |
| Sujets: | |
| Tags: |
Pas de tags, Soyez le premier à ajouter un tag!
|
MARC
| LEADER | 00000naa a2200000 4500 | ||
|---|---|---|---|
| 001 | 0146565 | ||
| 005 | 20240502072638.1 | ||
| 041 | 0 | |a slo | |
| 044 | |a SK | ||
| 245 | 1 | 0 | |a Čo treba vedieť o finančnom trhu v Číne |c Katarína Oravíková Podoliaková |
| 520 | |a Jednotlivé aspekty finančného trhu v Číne. Trhová kapitalizácia a rozdelenie príjmov investičných bánk. Obchody s cennými papiermi a medzinárodné aktivity bankovníctva v Číne. | ||
| 610 | 2 | 0 | |a Čína |
| 610 | 2 | 0 | |a trh kapitálový medzinárodný |
| 610 | 2 | 0 | |a trh finančný medzinárodný |
| 610 | 2 | 0 | |a banky |
| 610 | 2 | 0 | |a bankovníctvo investičné |
| 610 | 2 | 0 | |a burzy cenných papierov |
| 100 | 1 | |a Oravíková Podoliaková, Katarína | |